000 01244nam0a2200337 4500
001 RU\NLR\BIBL_A\022653204
005 20260115145738.0
010 _a978-5-907927-46-9
_91000
021 _aRU
_bКН-П-25-054569
_9КН-П-25-5266
035 _a(NLR Aleph) 022653204
090 _a13514182
_c13514182
100 _a20251024d2025 k y0rusy50 ca
101 0 _arus
102 _aRU
105 _aa zj 000yy
181 0 _ai3
_baxxe
181 0 _ab1
_bxb2e
182 0 _an
200 1 _aХиджама 1.0
_eметодическое пособие
_fМухаммед Льянов
203 _aТекст
_aИзображение
_bвизуальные
_cнепосредственные
210 _aМосква
_cИздание книг. ком
_d2025
215 _a141, [1] с.
_cцв. ил.
_d21
300 _aНа задней сторонке пер. авт.: Льянов М., психолог
333 _a12+
606 1 _aКровопускание
_jПопулярные издания
_2nlr_sh1
_2nlr_sh2
_3RU\NLR\AUTH\6651792
686 1 _aР353.54я9
700 1 _aЛьянов
_bМ.
_gМухаммед
942 _cBOOK
980 _aNB